000 00638nam a2200229Ia 4500
003 OSt
005 20220928123948.0
006 a|||||r|||| 00| 0
007 ta
008 220927b |||||||| |||| 00| 0 eng d
024 _a27506
037 _cTextual
040 _aSDCL
_cSDCL
_beng
041 _2eng
_aeng
082 _aG:68, P3
100 _aGordon Jon W
_9462705
245 0 _aScience and ethics of engineering the human germ line
_b Mendel's maze.
260 _aNew Jersey
_bJohn Wiley and Sons
_c2003
300 _axv,286p
_ccm.
942 _hG:68, P3
_cTEXL
_2CC
999 _c775665
_d775665